Top 25 subscribed channels on Youtube - Statistics

General Stats
  • This quiz has been taken 10 times
  • The average score is 3 of 25
Answer Stats
Content Country Subs Rank Youtuber % Correct
Video games Sweden 47 Million 1 PewDiePie
89%
Music UK 20 Million 7 OneDirectionVEVO
33%
comedy USA 24 Million 4 Smosh
33%
Music Canada 22 Million 5 JustinBieberVEVO
22%
Music USA 18 Million 9 KatyPerryVEVO
22%
Music USA 19 Million 8 TaylorSwiftVEVO
22%
Vlogs Chile 29 Million 2 HolaSoyGerman
11%
Video games Chile 13 Million 22 JuegaGerman
11%
Video games UK 14 Million 16 KSI
11%
Music USA 13 Million 23 Markiplier
11%
Comedy USA 17 Million 13 nigahiga
11%
Music Barbados 22 Million 6 RihannaVEVO
11%
Music Netherlands 13 Million 20 Spinnin Records
11%
Talk Show USA 16 Million 14 The Ellen Show
11%
Video Games Spain 18 Million 11 elrubiusOMG
0%
Music USA 18 Million 10 EminemVEVO
0%
Music USA 13 Million 21 ERB
0%
Entertainment USA 14 Million 18 Fine Brothers Entertainment
0%
Vlogs USA 16 Million 15 Jenna Marbles
0%
Video games USA 12 Million 25 Machinima
0%
Video games USA 13 Million 24 Skrillex
0%
Video Games Canada 17 Million 12 Vanoss Gaming
0%
Video games Spain 13 Million 19 VEGETTA777
0%
Entertainment USA 24 Million 3 YouTube Spotlight
0%
Beauty Mexico 14 Million 17 Yuya
0%
No matching quizzes found
Score Distribution
Percent of People with Each Score
Percentile by Number Answered
Your Score History
You have not taken this quiz